000 00437nam a2200133Ia 4500
008 200902s9999 xx 000 0 und d
020 _a978-971-9654-70-4
100 _aFrias, Solita A.
245 _cSolita A. Frias
_aBasics of cost accounting and control /
260 _aManila :
_bUnlimited Books Library Services & Publishing Inc.
_c2017
300 _axiv , 288 pages :
650 _aCost accounting
650 _aManagerial accounting
999 _c364033
_d364033